| 000 | 01563nab a22002657a 4500 | ||
|---|---|---|---|
| 999 |
_c6366 _d6366 |
||
| 003 | OSt | ||
| 005 | 20260131204506.0 | ||
| 008 | 190603e xxum|||| |||| 00| 0 spa d | ||
| 040 | _cPJ | ||
| 100 |
_95577 _aCafferata, Juan Manuel |
||
| 245 | 1 | 0 |
_aAlgunas reflexiones sobre el monto máximo como límite en materia de fianza general / _cJuan Manuel Cafferata. |
| 260 |
_cCiudad Autónoma de Buenos Aires : _aThomson Reuters La Ley, _b2025. |
||
| 300 | _ap. 238-245 | ||
| 500 | _aCita: TR LALEY AR/DOC/2863/2025 Publicado en: RCCyC 2025 (Diciembre). | ||
| 505 | _aSumario: I. La fianza general.— II. El monto máximo.— III. La determinación del monto máximo.— IV. ¿Puede fijarse el monto máximo en moneda extranjera?— V. Alcance del monto máximo.— VI. La cuestión de las costas.— VII. El límite de responsabilidad y la imputación del pago.— VIII. Aplicación de oficio del monto máximo.— IX. Carácter de la exigencia legal.— X. Sanción.— XI. Carácter de la nulidad.— XII. El problema del cómputo del plazo de prescripción de la nulidad. | ||
| 505 | _t¿Te interesa el texto completo? Solicitalo al correo: koha@justierradelfuego.gov.ar | ||
| 650 | 0 |
_aCONTRATOS _93463 |
|
| 650 | 0 |
_aFIANZA _91929 |
|
| 650 | 0 |
_aMONEDA EXTRANJERA _93470 |
|
| 650 | 0 | _aLIQUIDACION DE INTERESES | |
| 650 | 0 |
_aEXPRESIÓN DE AGRAVIOS _94129 |
|
| 650 | 0 |
_aCOSTAS _92533 |
|
| 773 | 0 |
_02713 _93170 _dCiudad Autónoma de Buenos Aires : Thomson Reuters La Ley, 2015- _tRevista Código Civil y Comercial. Nº 6 - Diciembre 2025 |
|
| 942 |
_2udc _cANA |
||